000 00608nam a22001817a 4500
003 BUBTL
008 171230b xxu||||| |||| 00| 0 eng d
020 _a978-984-404-299-5
082 _a891.443 / Ah52a
100 _91690
_aআহমেদ,হুমায়ূন
245 _aঅনীশ /
_cহুমায়ূন আহমেদ
260 _aঢাকা :
_bঅনুপম প্রকাশনী,
_cc1996.
300 _a60 p. :
_c22 cm.
650 0 _91691
_aবাংলা সাহিত্য
856 _k0
_l0
_yDownload
942 _2ddc
_cBK
999 _c5623
_d5623